000 00715nam a22002177a 4500
003 UA-OsUOA
001 122842
007 ta
008 20170523b un ||||| |||| 00| 0 ukr d
100 _aВертій Т.
090 _a82
_bВ35
942 _cSA
040 _aUA-OsUOA
_bfre
_cUA-OsUOA
_dUA-OsUOA
245 _aШевченко в національній свідомості українців середини - початку ХХ століть
300 _aС.36-43
955 _a0
041 _afre
080 _a82
773 0 _w122839
_tУкраїнська мова і література в школі
_dК.
_d2017
_g2
650 7 _a82 Література. Літературознавство
_2UDC
999 _c409470
_d409470